The journal of African American history

Detalles Bibliográficos
Título anterior:Journal of Negro history (Online)
Autor Corporativo: Association for the Study of African-American Life and History
Formato: Electrónico Revista
Lenguaje:inglés
Publicado: Silver Spring, MD : Association for the Study of African American Life and History
Washington, DC : University of Chicago Press
Chicago, IL :
Materias:
Acceso en línea:Full text available from Research Library: 01/01/2002 to 07/31/2010

MARC

LEADER 00000nas a2200000 a 4500
001 ssj0020578
003 WaSeSS
005 20200512172242.0
006 m d
007 cr n
008 050614c20029999iluqr pss 0 a0eng c
010 |a  2006236700 
022 |a 2153-5086  |y 1548-1867 
035 |a (WaSeSS)ssj0020578 
037 |b University of Chicago Press, 1427 East 60th Street, Chicago, IL 60637 
040 |a OCLCS  |b eng  |c OCLCS  |d EYM  |d HUL  |d MUQ  |d DLC  |d OCLCQ  |d OCLCF  |d OCLCQ  |d GILDS  |d OCLCO  |d VT2  |d UUM  |d NJT  |d DLC  |d WaSeSS 
042 |a pcc  |a nsdp 
043 |a n-us--- 
050 1 4 |a E185 
082 1 0 |a 325.26  |b J86 
130 0 |a Journal of African American history (Online) 
222 4 |a The journal of African American history  |b (Online) 
245 1 4 |a The journal of African American history  |h [electronic resource]. 
260 |3 2002-<2007:  |a Silver Spring, MD :  |b Association for the Study of African American Life and History 
260 2 |3 <2008->:  |a Washington, DC :  |b Association for the Study of African American Life and History 
260 3 |3 2018- :  |a Chicago, IL :  |b University of Chicago Press 
310 |a Quarterly 
362 0 |a Vol. 87 (winter 2002)- 
500 |a Title from title screen (JSTOR, viewed Jan. 5, 2006). 
506 |a License restrictions may limit access. 
515 |a Vol. 87 (winter 2002) also called Inaugural issue. 
515 |a Issue for winter 2002- has vol. 87- but no number designation. 
588 |a Latest issue consulted: Vol. 104, no. 3 (summer 2019) (journals.uchicago.edu website, viewed Sept. 30, 2019). 
650 0 |a African Americans  |v Periodicals. 
650 6 |a Noirs américains  |v Périodiques. 
650 7 |a African Americans.  |2 fast  |0 (OCoLC)fst00799558 
655 0 |a Electronic journals. 
710 2 |a Association for the Study of African-American Life and History. 
776 0 8 |i Print version:  |t Journal of African American history  |x 1548-1867  |w (DLC) 2002235384  |w (OCoLC)49503988 
780 0 0 |t Journal of Negro history (Online)  |w (DLC)sn 99023392  |w (OCoLC)41302474 
856 4 0 |z Full text available from Research Library: 01/01/2002 to 07/31/2010  |u https://search.proquest.com/publication/27037